Iranian footballers who have played in the Premier League - Statistics

General Stats
  • This quiz has been taken 15 times
  • The average score is 3 of 5
Answer Stats
Mainly for Answer % Correct
Brentford Saman Ghoddos
92%
Brighton And Hove Albion Alireza Jahanbakhsh
83%
Fulham Ashkan Dejagah
58%
Bolton Wanderers Andranik Teymourian
50%
Charlton Athletic Karim Bagheri
50%
No matching quizzes found
Score Distribution
Percent of People with Each Score
Percentile by Number Answered
Your Score History
You have not taken this quiz